| 000 | 00486cam a2200193 4500 | ||
|---|---|---|---|
| 001 | D10271 | ||
| 008 | 090401t1976 xxu||||| |||| 00| 0 eng d | ||
| 035 | _a(Sirsi) u94619 | ||
| 041 | _aeng | ||
| 050 | _a346.4104344 | ||
| 100 | _aBramall, Sir Ashley | ||
| 245 | _aFair rents under the Rent Acts - can they be fair | ||
| 260 | _c1976 | ||
| 350 | _a0 | ||
| 520 | _aIn The Blundell Memorial Lectures April-May 1976 | ||
| 700 | _aHunter, Muir | ||
| 942 | _n0 | ||
| 948 | _c04/03/1997 | ||
| 999 |
_c98098 _d98098 |
||